Every Country Domain - Statistics

General Stats
  • This quiz has been taken 28 times
  • The average score is 60 of 194
Answer Stats
Answer % Correct
.af Afghanistan
100%
.al Albania
87%
.au Australia
67%
.ar Argentina
60%
.am Armenia
60%
.at Austria
60%
.dz Algeria
53%
.ad Andorra
53%
.az Azerbaijan
53%
.dk Denmark
47%
.dj Djibouti
47%
.fr France
47%
.de Germany
47%
.nl The Netherlands
47%
.ao Angola
40%
.br Brazil
40%
.cz Czech Republic
40%
.dm Dominica
40%
.do Dominican Republic
40%
.fj Fiji
40%
.fi Finland
40%
.gm Gambia
40%
.ge Georgia
40%
.gh Ghana
40%
.gr Greece
40%
.hu Hungary
40%
.is Iceland
40%
.in India
40%
.jp Japan
40%
.kz Kazakhstan
40%
.lu Luxembourg
40%
.mx Mexico
40%
.tw Taiwan
40%
.uk United Kingdom
40%
.us United States of America
40%
.uy Uruguay
40%
.bs Bahamas
33%
.bd Bangladesh
33%
.be Belgium
33%
.bz Belize
33%
.bo Bolivia
33%
.bw Botswana
33%
.bf Burkina Faso
33%
.bi Burundi
33%
.cm Cameroon
33%
.ca Canada
33%
.cv Cape Verde
33%
.cl Chile
33%
.co Colombia
33%
.eg Egypt
33%
.sv El Salvador
33%
.ee Estonia
33%
.sz Eswatini
33%
.et Ethiopia
33%
.fm Federated States of Micronesia
33%
.ga Gabon
33%
.gt Guatemala
33%
.gn Guinea
33%
.gw Guinea-Bissau
33%
.gy Guyana
33%
.id Indonesia
33%
.ir Iran
33%
.iq Iraq
33%
.ie Ireland
33%
.il Israel
33%
.it Italy
33%
.jm Jamaica
33%
.jo Jordan
33%
.ki Kiribati
33%
.kg Kyrgyzstan
33%
.lv Latvia
33%
.ls Lesotho
33%
.ly Libya
33%
.lt Lithuania
33%
.mg Madagascar
33%
.ml Mali
33%
.mr Mauritania
33%
.mz Mozambique
33%
.na Namibia
33%
.np Nepal
33%
.nz New Zealand
33%
.no Norway
33%
.om Oman
33%
.pk Pakistan
33%
.cn People's Republic of China
33%
.ro Romania
33%
.ru Russia
33%
.rw Rwanda
33%
.sk Slovakia
33%
.za South Africa
33%
.es Spain
33%
.th Thailand
33%
.tg Togo
33%
.tv Tuvalu
33%
.ug Uganda
33%
.ae United Arab Emirates
33%
.vu Vanuatu
33%
.va Vatican City
33%
.ve Venezuela
33%
.ye Yemen
33%
.zw Zimbabwe
33%
.ag Antigua and Barbuda
27%
.bh Bahrain
27%
.bb Barbados
27%
.ba Bosnia and Herzegovina
27%
.bn Brunei
27%
.bg Bulgaria
27%
.kh Cambodia
27%
.km Comoros
27%
.hr Croatia
27%
.cu Cuba
27%
.cy Cyprus
27%
.ec Ecuador
27%
.gq Equatorial Guinea
27%
.gd Grenada
27%
.ht Haiti
27%
.hn Honduras
27%
.kw Kuwait
27%
.lr Liberia
27%
.li Liechtenstein
27%
.mw Malawi
27%
.mt Malta
27%
.md Moldova
27%
.me Montenegro
27%
.ni Nicaragua
27%
.ne Niger
27%
.ng Nigeria
27%
.pg Papua New Guinea
27%
.py Paraguay
27%
.pe Peru
27%
.ph Philippines
27%
.pl Poland
27%
.pt Portugal
27%
.qa Qatar
27%
.sn Senegal
27%
.rs Serbia
27%
.sl Sierra Leone
27%
.sg Singapore
27%
.si Slovenia
27%
.ss South Sudan
27%
.se Sweden
27%
.ch Switzerland
27%
.tt Trinidad and Tobago
27%
.tr Turkey
27%
.tm Turkmenistan
27%
.uz Uzbekistan
27%
.vn Vietnam
27%
.zm Zambia
27%
.bj Benin
20%
.bt Bhutan
20%
.cf Central African Republic
20%
.td Chad
20%
.cr Costa Rica
20%
.ke Kenya
20%
.lb Lebanon
20%
.my Malaysia
20%
.mv Maldives
20%
.mu Mauritius
20%
.mn Mongolia
20%
.ma Morocco
20%
.mm Myanmar
20%
.nr Nauru
20%
.mk North Macedonia
20%
.pw Palau
20%
.pa Panama
20%
.kn Saint Kitts and Nevis
20%
.lc Saint Lucia
20%
.vc Saint Vincent and the Grenadines
20%
.sm San Marino
20%
.st São Tomé and Príncipe
20%
.sc Seychelles
20%
.so Somalia
20%
.kr South Korea
20%
.sd Sudan
20%
.sr Suriname
20%
.sy Syria
20%
.tl Timor-Leste
20%
.to Tonga
20%
.tn Tunisia
20%
.ua Ukraine
20%
.by Belarus
13%
.cd Democratic Republic of the Congo
13%
.sz Eswatini
13%
.ci Ivory Coast
13%
.xk Kosovo
13%
.la Laos
13%
.mh Marshall Islands
13%
.mc Monaco
13%
.kp North Korea
13%
.cg Republic of the Congo
13%
.ws Samoa
13%
.sa Saudi Arabia
13%
.sb Solomon Islands
13%
.lk Sri Lanka
13%
No matching quizzes found
Score Distribution
Percent of People with Each Score
Percentile by Number Answered
Your Score History
You have not taken this quiz